00293nam a22001097a 450000500170000002000230001703500130004003700130005324500540006626000440012030000190016420120412124759.0 a8186754164c150.00 aA-936066 aDPLbENG aThoughts of Gandhi Ji /cedited by C.P. Prabhakar aNew DelhibIrrawaddy Publicationsc1998 a160p.c20 cms.